000 00824nam a22002532a 4500
001 74674
003 UkOxU
005 20211209082603.0
008 860101r19261924enk 000 0 eng c
035 _aOCLC ocm14127594 from D960423M
040 _aLibrary, U.S. Bur. of Education
_cEYP
_dEQO
_beng
041 _aeng
082 _223
_a150
_bMAP 1926
092 _aD0503838889
100 1 _aMartin, Everett Dean,
_d1880-1941.
_9224969
245 1 0 _aPsychology, what it has to teach you about yourself and the world you live in /
_cby Everett Dean Martin
260 _aLondon :
_bJ. Cape, limited,
_c[1926]
300 _a380 p.
_c20 cm
500 _aFirst published in New York, 1924
650 0 _aPsychology
_9224970
942 _2ddc
_cBK
999 _c74674
_d74674